[Event "Olympiad Women 2024"]
[Site "Budapest HUN"]
[Date "2024.09.13"]
[Round "3.49"]
[Board "2"]
[White "Nugroho, Angel Ruth"]
[Black "Lou, Yuxin"]
[Result "1-0"]
[WhiteElo "1939"]
[BlackElo "1654"]
[PlyCount "115"]
[EventDate "2024.09.11"]
[WhiteTeam "Indonesia"]
[BlackTeam "Hong Kong, China"]
[WhiteTeamCountry "INA"]

1. d4 d5 2. Nf3 Bf5 3. c3 c5 ({RR} 3... e6 4. Bf4 Bd6 5. Bg3 Nf6 6. e3 Ne4 7. Nbd2 Nxg3 8. hxg3 h6 9. Qe2 c6 10. e4 Bh7 11. Qe3 Qb6 12. O-O-O Qa5 13. Kb1 Nd7 14. Bd3 Nf6 15. Qe2 dxe4 16. Nxe4 Bxe4 17. Bxe4 O-O 18. Bc2 {0-1 Bryzgalin,K (2424)-Morozevich,A (2683) RUS-ch blitz 2016 (13.13)}) 4. dxc5 e6 5. b4 $146 ({RR} 5. Nd4 Bxb1 6. Rxb1 Bxc5 7. Nf3 Nc6 8. e3 Nf6 9. Be2 O-O 10. O-O Ne4 11. Nd4 Bd6 12. g3 Qg5 13. Bf3 Ne5 14. Bg2 Qg6 15. Ra1 Ng4 16. Bxe4 dxe4 17. h3 Ne5 18. Kg2 h5 19. Ne2 h4 {½-½ Steingrimsson,K (1659)-Magnusson,T (1435) Reykjavik op 2018 (6)}) 5... Nf6 6. e3 a6 7. Bb2 Be7 8. Be2 O-O 9. O-O a5 10. a3 Nbd7 11. Nbd2 Ne4 12. c4 Ndf6 13. Nxe4 Bxe4 14. Bc3 axb4 15. axb4 Rxa1 16. Qxa1 dxc4 17. Bxc4 Bxf3 18. gxf3 Qc7 19. Be2 b6 20. cxb6 Qxb6 21. Qa5 Qc6 22. b5 Qd5 23. Rd1 Qg5+ 24. Kh1 Qh4 25. Be1 Nd5 26. Rd4 Qh5 27. Qd2 Bd6 28. f4 Qh3 29. Kg1 f5 30. Rxd5 Rf6 31. f3 exd5 32. Qxd5+ Kf8 33. Bc4 Rg6+ 34. Bg3 Rxg3+ 35. hxg3 Qxg3+ 36. Kf1 Qh3+ 37. Ke2 Qg2+ 38. Kd1 Qg1+ 39. Kd2 Qf2+ 40. Be2 Bb4+ 41. Kd3 Qe1 42. Qxf5+ Ke7 43. Qe5+ Kf8 44. b6 Qd2+ 45. Kc4 Qxe2+ 46. Kxb4 Qd2+ 47. Kc5 Qc2+ 48. Kd6 Qd3+ 49. Kc6 Qa6 50. Qc5+ Ke8 51. Kc7 Qd3 52. Qe5+ Kf7 53. b7 Qc4+ 54. Kb6 Qb4+ 55. Qb5 Qd6+ 56. Qc6 Qb4+ 57. Kc7 Qa5+ 58. Kc8 1-0

[Event "Olympiad Women 2024"]
[Site "Budapest HUN"]
[Date "2024.09.13"]
[Round "3.49"]
[Board "3"]
[White "Leung, Hoi Ting"]
[Black "Yuliana, Evi"]
[Result "0-1"]
[WhiteElo "1619"]
[BlackElo "1912"]
[PlyCount "120"]
[EventDate "2024.09.11"]
[WhiteTeam "Hong Kong, China"]
[BlackTeam "Indonesia"]
[BlackTeamCountry "INA"]

1. d4 Nf6 2. Bf4 c5 3. c3 cxd4 4. cxd4 Qb6 5. Qc2 Nc6 6. e3 d6 7. Nc3 ({RR} 7. Nf3 e5 8. Bg5 Be7 9. dxe5 dxe5 10. Nc3 O-O 11. Bc4 Qc5 12. Bxf6 Bxf6 13. Ne4 Qb4+ 14. Nfd2 Bd8 15. O-O Kh8 16. Nc3 f5 17. Rad1 Qe7 18. Nd5 Qe8 19. Nb3 b6 20. Bb5 Bb7 21. Rc1 Rc8 {½-½ Ding,Y (2420)-Harika,D (2511) CHN-chT China 2017 (18.5)}) 7... g6 ({RR} 7... Bf5 8. Qb3 Qxb3 9. axb3 e5 10. Bg5 exd4 11. Bxf6 gxf6 12. Nb5 O-O-O 13. Nxd4 Nxd4 14. exd4 Kb8 15. Ne2 d5 16. Kd2 Bh6+ 17. Kd1 Rhg8 18. Ng3 Bg6 19. Ne2 Rd6 20. Nc3 Rb6 21. Ra3 Rb4 22. Ne2 {0-1 Stolwijk,C (2266)-Millennium Chess,C FishPartners Open 2024 (6.9)}) 8. Nf3 Bg7 9. Bc4 Bg4 $146 ({RR} 9... O-O 10. O-O Bf5 11. Qe2 Rac8 12. Rac1 Be4 13. Bg5 Bxf3 14. gxf3 Qa5 15. f4 Qf5 16. Bd3 Qh3 17. Ne4 Ng4 18. f3 Nxe3 19. Rxc6 Rxc6 20. Qxe3 f6 21. Nf2 Qh5 22. Qe6+ Kh8 23. Qxe7 fxg5 24. fxg5 {0-1 Steinle,C (2229)-Begna,B (2042) Dortmund Sparkassen op-A 2013 (7)}) 10. Be2 O-O 11. O-O Rac8 12. Qb3 Qxb3 13. axb3 a6 14. Rfd1 Bf5 15. Rac1 Nb4 16. Nd2 Bc2 17. Rf1 Bd3 18. Bg3 Bxe2 19. Nxe2 Nd3 20. Rc3 Nxb2 21. Rfc1 Rxc3 22. Rxc3 Nd5 23. Rc2 Nd3 24. Nf3 N3b4 25. Rc1 Nc6 26. Nf4 Nxf4 27. Bxf4 e5 28. Bg3 f5 29. d5 Nb4 30. Rc7 Nxd5 31. Rxb7 Rc8 32. h3 Bf6 33. Bh4 Bxh4 34. Nxh4 Rc7 35. Rb8+ Kf7 36. Nf3 h6 37. Nd2 Ne7 38. Nc4 Ke6 39. Ra8 Rc6 40. Rb8 h5 41. Na5 Rc1+ 42. Kh2 Nc6 43. Nxc6 Rxc6 44. h4 d5 45. Re8+ Kd6 46. b4 d4 47. exd4 exd4 48. Rd8+ Ke5 49. Kg3 Ke4 50. Re8+ Kd3 51. Rd8 Kc3 52. Kf4 d3 53. f3 Kd2 54. Rd5 Re6 55. b5 axb5 56. Rxb5 Ke2 57. Rd5 d2 58. g4 fxg4 59. fxg4 hxg4 60. Kxg4 d1=Q 0-1

[Event "Olympiad Women 2024"]
[Site "Budapest HUN"]
[Date "2024.09.13"]
[Round "3.49"]
[Board "4"]
[White "Adeline, Clementia"]
[Black "Liu, Tian Yi"]
[Result "1/2-1/2"]
[WhiteElo "1550"]
[BlackElo "1607"]
[PlyCount "129"]
[EventDate "2024.09.11"]
[WhiteTeam "Indonesia"]
[BlackTeam "Hong Kong, China"]
[WhiteTeamCountry "INA"]

1. d4 Nf6 2. c4 e6 3. Nc3 Bb4 4. Nf3 O-O 5. Bg5 c5 6. Rc1 h6 7. Bh4 d6 ({RR} 7... cxd4 8. Nxd4 d5 9. cxd5 g5 10. Bg3 Qxd5 11. e3 Qxa2 12. Qc2 Nd5 13. h4 Nxc3 14. bxc3 Qxc2 15. Rxc2 Be7 16. hxg5 hxg5 17. f4 Nc6 18. fxg5 Bxg5 19. Rh5 f6 20. Nf3 Bxe3 21. Re2 Bc1 22. Re4 {½-½ Carlsen,M (2882)-Ding,L (2805) Sinquefield Cup 7th 2019 (8)}) ({RR} 7... cxd4 8. Nxd4 Nc6 9. e3 d5 10. cxd5 exd5 11. Be2 Be7 12. O-O Be6 13. Nxe6 fxe6 14. Bd3 Qe8 15. Bb1 Ne5 16. Bg3 Nc4 17. e4 Rd8 18. exd5 exd5 19. Qc2 b5 20. a4 a6 21. axb5 axb5 22. Rfe1 {1-0 Batsiashvili,N (2447)-Lomaia,D (2001) 81st ch-GEO w 2024 (1.4)}) 8. dxc5 $146 ({RR} 8. e3 Nc6 9. Bd3 e5 10. O-O Bxc3 11. bxc3 g5 12. Nxg5 hxg5 13. Bxg5 Kg7 14. f4 e4 15. Bxe4 Qe7 16. Qf3 Re8 17. Bxc6 bxc6 18. Rce1 Bf5 19. e4 Bxe4 20. Qg3 Nh5 21. Qh4 f6 22. Qxh5 fxg5 {1-0 Hayrapetyan,H (2442)-Yaksin,O (2389) Titled Tue 27th Jun Early 2023 (2)}) 8... Bxc5 9. a3 a5 10. e3 Nbd7 11. Be2 Qe7 12. O-O Rd8 13. Qc2 Nf8 14. Rfd1 Ng6 15. Bg3 Bd7 16. Nd4 Be8 17. Bf3 Ne5 18. Bxe5 dxe5 19. Nb3 Bb6 20. Rxd8 Rxd8 21. Rd1 Rxd1+ 22. Qxd1 Qc7 23. Qd3 Bc6 24. Nd2 Bc5 25. Bxc6 bxc6 26. Nb3 Be7 27. Nc1 Nd7 28. Qd1 Qb7 29. Qb3 Qa6 30. Na4 f6 31. Ne2 Kf7 32. h3 Nc5 33. Nxc5 Bxc5 34. Ng3 f5 35. Qc3 Bd6 36. c5 Bc7 37. b3 Qc8 38. Nf1 Qd7 39. b4 axb4 40. Qxb4 Ke7 41. Qh4+ Kf8 42. Qc4 Qd5 43. Qxd5 exd5 44. Nd2 Ke7 45. Kf1 Kd7 46. Ke2 Kc8 47. Nb3 Kb7 48. f3 Ka6 49. a4 Ba5 50. e4 f4 51. Kd3 Bb4 52. Ke2 g5 53. Kd3 h5 54. Ke2 Bc3 55. Kf1 dxe4 56. fxe4 g4 57. hxg4 hxg4 58. Kf2 Bb4 59. Ke2 Bc3 60. Kf2 Ba5 61. Ke2 Bc3 62. Kf2 Ba5 63. Ke2 Bc3 64. Kf2 Ba5 65. Ke2 1/2-1/2

[Event "Olympiad Women 2024"]
[Site "Budapest HUN"]
[Date "2024.09.13"]
[Round "3.50"]
[Board "1"]
[White "Tan, Li Ting"]
[Black "Nahed Galab"]
[Result "1-0"]
[WhiteElo "2037"]
[BlackElo "1693"]
[PlyCount "87"]
[EventDate "2024.09.11"]
[WhiteTeam "Malaysia"]
[BlackTeam "Sudan"]
[WhiteTeamCountry "MAS"]
[BlackTeamCountry "SUD"]

1. d4 Nf6 2. c4 g6 3. Nc3 Bg7 4. e4 d6 5. h3 O-O 6. Bg5 e5 7. dxe5 dxe5 8. Qxd8 Rxd8 9. Nd5 Nbd7 ({RR} 9... Rxd5 10. exd5 Nbd7 11. Nf3 e4 12. Nd2 Nc5 13. Be2 Bf5 14. g4 Bd7 15. O-O a5 16. Be3 Bf8 17. Kg2 b6 18. g5 Ne8 19. Bxc5 Bxc5 20. Nxe4 Be7 21. f4 Nd6 22. Nxd6 Bxd6 23. Bd3 Kg7 24. f5 {1-0 Collins,A (2189)-Lopez del Alamo,A (2237) Titled Tue 27th Feb Late 2024 (1)}) 10. Nxc7 Rb8 11. Rd1 ({RR} 11. Nd5 h6 12. Bxf6 Nxf6 13. Bd3 b5 14. b3 bxc4 15. Bxc4 Bb7 16. Nxf6+ Bxf6 17. f3 Bh4+ 18. Kf1 Rd2 19. Ne2 Kg7 20. g3 Be7 21. Nc3 Bc5 22. Ke1 Rc2 23. Ne2 Rd8 24. Rd1 Rxd1+ 25. Kxd1 Rxa2 {0-1 Agrest,E (2460)-Shulman,Y (2555) Gothenburg 1996 (2)}) 11... h6 $146 ({RR} 11... b6 12. Nd5 Bb7 13. Bd3 h6 14. Bh4 g5 15. Bg3 Nh5 16. Ne2 Nf4 17. Bxf4 exf4 18. b3 Ne5 19. f3 b5 20. O-O Kf8 21. Rd2 Nxd3 22. Rxd3 bxc4 23. bxc4 Ba6 24. Rc1 Rdc8 25. Rb3 Ra8 26. Rb4 {0-1 Eibelshaeuser,S-Stein,T Hessen qual Limburg 1992 (4)}) ({RR} 11... Rf8 12. f3 h6 13. Be3 b6 14. Ne2 Bb7 15. Nc3 Rfd8 16. Kf2 Bf8 17. Be2 Nc5 18. g4 Rbc8 19. Rxd8 Rxd8 20. Rd1 Rxd1 21. Nxd1 Bc6 22. Nc3 Ne8 23. Nxe8 Bxe8 24. Nd5 Kg7 25. Nc7 Bd7 26. b4 {1-0 Kizilkus,A (2100)-Celik,C (1637) TUR Cup Antalya 2019 (3)}) 12. Be3 b6 13. f3 Bb7 14. g4 Nc5 15. Rh2 Rxd1+ 16. Kxd1 Rd8+ 17. Rd2 Rxd2+ 18. Kxd2 Kf8 19. b4 Na6 20. Nxa6 Bxa6 21. b5 Bb7 22. c5 Ke7 23. cxb6 axb6 24. Bxb6 Nd7 25. Be3 Kd6 26. Bc4 f6 27. a4 g5 28. a5 Kc7 29. b6+ Kb8 30. Bb5 Nf8 31. a6 Bxa6 32. Bxa6 Ne6 33. Bc4 Nd4 34. Ne2 Nxf3+ 35. Kc3 Bf8 36. Bd5 Nh4 37. Ng3 Ng2 38. Nf5 Nxe3 39. Nxe3 Bc5 40. Nc4 Kc8 41. Kb3 Be7 42. Ka4 Kb8 43. Kb5 Bf8 44. Ka6 1-0

[Event "Olympiad Women 2024"]
[Site "Budapest HUN"]
[Date "2024.09.13"]
[Round "3.50"]
[Board "2"]
[White "Ibtihal Osman"]
[Black "Azhar, Puteri Munajjah Az-Zahraa"]
[Result "0-1"]
[WhiteElo "1626"]
[BlackElo "2014"]
[PlyCount "58"]
[EventDate "2024.09.11"]
[WhiteTeam "Sudan"]
[BlackTeam "Malaysia"]
[WhiteTeamCountry "SUD"]
[BlackTeamCountry "MAS"]

1. e4 e5 2. Nf3 Nc6 3. Bc4 Bc5 4. O-O Nf6 5. Nc3 d6 6. h3 Be6 7. Be2 ({RR} 7. d3 Bxc4 8. dxc4 h6 9. a3 O-O 10. Qd3 a5 11. Be3 Nd7 12. Nd5 Ne7 13. b4 Nxd5 14. cxd5 Bxe3 15. Qxe3 f5 16. exf5 Rxf5 17. Nd2 Rf4 18. g3 Rf7 19. c4 Nb6 20. Qd3 Qf8 21. Ne4 Rf3 {½-½ Feoktistov,A (2375)-Tishin,P (2445) RUS-Cup Tula 2001 (4)}) 7... h6 8. d3 Qd7 9. a3 $146 ({RR} 9. Be3 O-O 10. d4 exd4 11. Nxd4 Ne7 12. Kh1 Ng6 13. f4 Bxh3 14. f5 Bxg2+ 15. Kxg2 Nh4+ 16. Kh3 Ng6 17. Rg1 Rae8 18. Bc4 Nxe4 19. Rxg6 c6 20. Bxh6 Nf2+ 21. Kg2 Nxd1 22. Bxg7 Bxd4 23. Bxd4+ Kh7 {1-0 Leon Placencia,E-Diaz Meneses,L Pan American U08 Girls 2010 (6)}) ({RR} 9. Be3 Bb6 10. Qd2 Nh5 11. Nh2 Nf4 12. Bg4 h5 13. Bxe6 Nxe6 14. Nf3 Ba5 15. Qe2 Ned4 16. Qd1 O-O-O 17. Nd5 Ne6 18. c3 Ne7 19. Bxa7 Nxd5 20. exd5 Nf4 21. Qb3 Qf5 22. Rad1 Qg6 23. Nh4 Qf6 {0-1 Tang,A-Peeters,Y (1186) EU-ch Online U12 Girls rapid 2020 (8)}) 9... g5 10. Nh2 Nd4 11. Bg4 O-O-O 12. Bxe6 fxe6 13. Ne2 Qf7 14. c3 Nxe2+ 15. Qxe2 Nh5 16. Be3 Nf4 17. Qd1 Bb6 18. g3 Nxh3+ 19. Kg2 g4 20. Qxg4 Nf4+ 21. Bxf4 Rdg8 22. Qe2 exf4 23. d4 Rh7 24. g4 h5 25. f3 e5 26. Rad1 Qf6 27. Qf2 Qg6 28. Qh4 hxg4 29. Qxg4+ Qe6 0-1

[Event "Olympiad Women 2024"]
[Site "Budapest HUN"]
[Date "2024.09.13"]
[Round "3.50"]
[Board "3"]
[White "Azhar, Puteri Rifqah Fahada"]
[Black "Sabreen Oraby"]
[Result "1/2-1/2"]
[WhiteElo "1947"]
[BlackElo "1812"]
[PlyCount "64"]
[EventDate "2024.09.11"]
[WhiteTeam "Malaysia"]
[BlackTeam "Sudan"]
[WhiteTeamCountry "MAS"]
[BlackTeamCountry "SUD"]

1. d4 g6 2. Nf3 Bg7 3. Bf4 Nf6 4. e3 d6 5. c3 O-O 6. Nbd2 Nc6 7. Bg3 ({RR} 7. Be2 Nh5 8. Bg3 Nxg3 9. hxg3 e5 10. d5 Ne7 11. e4 h6 12. Qc2 c6 13. c4 cxd5 14. cxd5 Bd7 15. Qb3 f5 16. Bd3 b5 17. Rc1 Qb6 18. Nh4 f4 19. Rc6 Bxc6 20. dxc6+ Kh7 21. Qe6 fxg3 {0-1 Sengupta,D (2527)-Petrosyan,M (2607) Titled Tuesday intern op 16th June blitz 2020 (8)}) ({RR} 7. h3 Nd7 8. e4 e5 9. dxe5 Ndxe5 10. Be2 b6 11. O-O Bb7 12. Qc2 h6 13. Bg3 Qe7 14. Nxe5 Nxe5 15. Rae1 Rae8 16. Bb5 Nd7 17. f3 a6 18. Bc4 b5 19. Bd5 Bxd5 20. exd5 Qg5 21. Ne4 Qxd5 {0-1 Siedlinski,P (2030)-Klepek,W (2245) 100th Ann. Silesian Chess 2024 (9.32)}) 7... Qe8 $146 ({RR} 7... a6 8. Be2 Nh5 9. Qb3 Nxg3 10. hxg3 e5 11. O-O-O exd4 12. exd4 b5 13. a3 Bf5 14. Nh4 Na5 15. Qb4 c5 16. dxc5 dxc5 17. Qf4 Bd3 18. Bxd3 Qxd3 19. Qf3 Qd7 20. Kc2 b4 21. Ne4 Qa4+ 22. Kc1 {0-1 Golenia,J (1792)-Powalka,M (1975) POL-chT U19 1st League 2015 (8.8)}) ({RR} 7... Bg4 8. Qb3 b6 9. Be2 Na5 10. Qc2 Bf5 11. e4 Bd7 12. O-O Bc6 13. Rad1 e5 14. dxe5 dxe5 15. Nxe5 Qe7 16. Nxc6 Nxc6 17. Bf3 Rad8 18. Rfe1 Rfe8 19. h3 h6 20. Qa4 Qc5 21. Nb3 b5 22. Nxc5 {1-0 Azhar,P (1939)-Cheung,H Online Olym Div3 A rapid 2020 (8.5)}) 8. Qc2 Rb8 9. a4 Nh5 10. Bc4 Nxg3 11. hxg3 e5 12. dxe5 Nxe5 13. Nxe5 Qxe5 14. Nf3 Qe7 15. Nh4 Be6 16. Qb3 Rfe8 17. Nf3 c6 18. Bxe6 Qxe6 19. Qxe6 fxe6 20. O-O-O d5 21. e4 Rbd8 22. Rhe1 Rf8 23. exd5 exd5 24. Re7 Rf7 25. Rde1 Rdf8 26. Kc2 h6 27. Kd3 Rxe7 28. Rxe7 Rf7 29. Re2 Kf8 30. Nh4 g5 31. Nf3 Re7 32. Rxe7 Kxe7 1/2-1/2

[Event "Olympiad Women 2024"]
[Site "Budapest HUN"]
[Date "2024.09.13"]
[Round "3.50"]
[Board "4"]
[White "Rawan Mansor"]
[Black "Nithyalakshmi, Sivanesan"]
[Result "0-1"]
[WhiteElo "1717"]
[BlackElo "1912"]
[PlyCount "66"]
[EventDate "2024.09.11"]
[WhiteTeam "Sudan"]
[BlackTeam "Malaysia"]
[WhiteTeamCountry "SUD"]
[BlackTeamCountry "MAS"]

1. d4 e6 2. Bf4 f5 3. Nf3 Nf6 4. h3 b6 5. e3 Bb7 6. Nbd2 ({RR} 6. Bd3 Be7 7. g4 Ne4 8. gxf5 exf5 9. Rg1 Bf6 10. Nfd2 O-O 11. Qh5 Qe7 12. Nxe4 fxe4 13. Bc4+ Kh8 14. Nd2 Na6 15. O-O-O Qe8 16. Qe2 Qc8 17. Nxe4 Bxe4 18. Bxa6 Qd8 19. Bd3 d5 20. Rg4 Bxd3 {½-½ Telljohann,S (2400)-Jakubiec,A (2535) BL2-West 1415 2014 (4.4)}) 6... Be7 ({RR} 6... Bd6 7. Ne5 O-O 8. c3 Nc6 9. Qc2 Bxe5 10. dxe5 Nd5 11. Bh2 f4 12. exf4 Nxf4 13. Nc4 Qg5 14. Qd2 Nxe5 15. O-O-O Nxc4 16. Bxc4 d5 17. Bf1 Qf5 18. g3 d4 19. Rg1 dxc3 20. Qxf4 cxb2+ 21. Kxb2 {1-0 Seliverstov,V (2462)-Sipahioglu,I (2061) Titled Tue 11th Jun Early 2024 (1)}) 7. Bd3 Ne4 8. Ne5 $146 ({RR} 8. O-O O-O 9. c3 Bf6 10. Ne5 Nxd2 11. Qxd2 d6 12. Nf3 Qe7 13. Be2 e5 14. dxe5 dxe5 15. Bh2 Nc6 16. Qc2 g6 17. Rad1 Rad8 {½-½ Vitali-Mellano,S (2300) Mar del Plata op 1994 (8)}) ({RR} 8. c3 c5 9. Rg1 Bh4 10. g3 Bf6 11. g4 Bh4 12. Nxh4 Qxh4 13. Qf3 Nd6 14. Qe2 Ne4 15. gxf5 exf5 16. Rxg7 Qxh3 17. O-O-O Nxd2 18. Qxd2 Bf3 19. Rdg1 Bd5 20. Bf1 Qh4 21. dxc5 Be6 22. Bg5 Qh2 {1-0 Rogozenco,T (1974)-Hoffbauer,J (1773) Berlin Lichtenberger op 18th 2019 (4)}) 8... O-O 9. Nxe4 fxe4 10. Be2 Bg5 11. Bxg5 Qxg5 12. Bg4 Qf6 13. Rf1 b5 14. Be2 a6 15. Qd2 d6 16. Ng4 Qg6 17. Rg1 Nd7 18. c4 bxc4 19. Bxc4 Nb6 20. Bb3 a5 21. Rc1 Rf7 22. Nh2 a4 23. Bd1 Bd5 24. b3 Raf8 25. Qb4 Rxf2 26. Ng4 R2f7 27. bxa4 h5 28. a5 Nc8 29. a6 hxg4 30. Bxg4 Qf6 31. Rc2 Nb6 32. a4 Nc4 33. a7 Qf1+ 0-1

[Event "Olympiad Women 2024"]
[Site "Budapest HUN"]
[Date "2024.09.13"]
[Round "3.51"]
[Board "1"]
[White "Haile, Lidet"]
[Black "Nassr, Lina"]
[Result "1/2-1/2"]
[WhiteElo "1834"]
[BlackElo "2010"]
[PlyCount "112"]
[EventDate "2024.09.11"]
[WhiteTeam "Ethiopia"]
[BlackTeam "Algeria"]
[WhiteTeamCountry "ETH"]
[BlackTeamCountry "ALG"]

1. e4 c5 2. Nf3 e6 3. d4 cxd4 4. Nxd4 a6 5. Bc4 b5 6. Bd3 Bb7 7. O-O ({RR} 7. a4 b4 8. O-O Qc7 9. Nd2 Nf6 10. Re1 Bc5 11. N2f3 d6 12. Bg5 Nbd7 13. h3 h6 14. Be3 O-O 15. Qd2 Ne5 16. Nxe5 dxe5 17. Nb3 Bxe3 18. Qxe3 Rfc8 19. Rad1 a5 20. f3 Ba6 21. Re2 Nh5 {1-0 Liu,C (2316)-Garcia Correa,J (2103) Titled Tue 18th Jun Late 2024 (10)}) 7... Qc7 8. Nc3 Nf6 9. Qe2 $146 ({RR} 9. Bg5 b4 10. Bxf6 bxc3 11. bxc3 gxf6 12. Qf3 Be7 13. Rfe1 Nc6 14. Nxc6 Bxc6 15. Qg4 Bb5 16. Qg7 Rf8 17. Qxh7 Bd6 18. g3 Be5 19. Rab1 Bxc3 20. Red1 Rb8 21. Rdc1 f5 22. exf5 Rh8 23. Qxh8+ Bxh8 {0-1 Suh,E-Antonivs,V Wch U10 Maribor 2012 (2.92)}) 9... Nc6 10. Nxc6 Qxc6 11. a3 Be7 12. Bd2 O-O 13. f4 d5 14. exd5 Bc5+ 15. Kh1 exd5 16. Rf3 Rfe8 17. Qf1 Qd7 18. Ne2 h5 19. f5 Ng4 20. f6 Qd6 21. Bf4 Qxf6 22. Bg3 Qe7 23. Rf5 Ne3 24. Qf3 d4 25. Qxh5 Nxf5 26. Qxf5 g6 27. Qg4 Be4 28. Nf4 Bxd3 29. cxd3 Bd6 30. Nxg6 Qe6 31. Ne7+ Kh7 32. Qxe6 fxe6 33. Bxd6 Rad8 34. Bc5 Rd7 35. h3 Rexe7 36. Bxe7 Rxe7 37. Rc1 e5 38. Rc6 e4 39. dxe4 Rd7 40. Rc2 Kg6 41. Kg1 Kf6 42. Kf2 Ke5 43. Ke1 Kxe4 44. Rf2 Rg7 45. g4 Rh7 46. Rh2 d3 47. h4 Rc7 48. Kd1 Rf7 49. g5 Rf1+ 50. Kd2 Rb1 51. Kc3 Rc1+ 52. Kb3 Ke3 53. Rh3+ Ke4 54. Rh2 Ke3 55. Rh3+ Ke4 56. Rh2 Ke3 1/2-1/2

[Event "Olympiad Women 2024"]
[Site "Budapest HUN"]
[Date "2024.09.13"]
[Round "3.51"]
[Board "2"]
[White "Latreche, Sabrina"]
[Black "Bantiwalu, Aster"]
[Result "0-1"]
[WhiteElo "2030"]
[BlackElo "1704"]
[PlyCount "120"]
[EventDate "2024.09.11"]
[WhiteTeam "Algeria"]
[BlackTeam "Ethiopia"]
[WhiteTeamCountry "ALG"]
[BlackTeamCountry "ETH"]

1. e4 e5 2. Nf3 Nc6 3. d4 exd4 4. Bc4 Be7 5. Nxd4 Ne5 6. Bb3 d6 7. f4 Ng6 8. O-O Nf6 9. Nc3 O-O 10. Qe2 ({RR} 10. Kh1 Re8 11. Qf3 a6 12. a4 Rb8 13. a5 Bd7 14. Bd2 Bf8 15. h3 c5 16. Nde2 Bc6 17. Ng3 b5 18. axb6 Qxb6 19. Rfe1 Qb7 20. Ba4 Bb5 21. b3 Qc6 22. Rad1 Nd7 23. Bc1 Bxa4 24. Nxa4 Nb6 {1-0 Steingrimsson,H (2410)-Gunnarsson,J (2295) Gausdal Int 1994 (2)}) ({RR} 10. h3 a6 11. g4 Nd7 12. Nd5 Nc5 13. Nf5 c6 14. Ndxe7+ Nxe7 15. Nxd6 Nxb3 16. axb3 Qb6+ 17. Kg2 f6 18. Nc4 Qc7 19. Be3 c5 20. Qd6 Qxd6 21. Nxd6 b6 22. Ra3 Nc6 23. Nc4 Rb8 24. Rfa1 a5 {1-0 Reinhard Moller,G (1628)-Rincon Fuquen,A (1714) 17th American Cont Rapid 2024 (6.106)}) 10... c5 11. Nf3 Qb6 $146 ({RR} 11... Nd7 12. Be3 Qc7 13. Nd5 Qd8 14. Rad1 b6 15. Qd3 Nb8 16. Nxe7+ Nxe7 17. Qxd6 Qxd6 18. Rxd6 Nbc6 19. Rfd1 Bg4 20. Kf2 Bxf3 21. Kxf3 h6 22. R6d2 Kh7 23. Bd5 Nxd5 24. exd5 Ne7 25. c4 Rad8 26. Re2 {1-0 Rutkowski,F (1167)-Leoniuk,S POL-ch U10 Jastrzebia Gora 2021 (1)}) 12. f5 Ne5 13. Nd5 Nxd5 14. Bxd5 Bd7 15. Nxe5 dxe5 16. Qh5 Bc6 17. Bg5 Bxg5 18. Qxg5 h6 19. Qg3 Bxd5 20. f6 g6 21. exd5 Qxb2 22. c3 b6 23. Qxe5 Rfe8 24. Qf4 Kh7 25. Qf3 Re2 26. Rae1 Rxe1 27. Rxe1 Qxa2 28. Re7 Kg8 29. g4 Rd8 30. d6 Rxd6 31. Re2 Qd5 32. Qxd5 Rxd5 33. Re8+ Kh7 34. Re7 g5 35. Rxf7+ Kg6 36. Rxa7 Kxf6 37. Rb7 Rd6 38. Kf2 Ke5 39. Ke2 Kf4 40. Re7 Kxg4 41. Re3 Kf5 42. Rf3+ Kg6 43. Ke3 g4 44. Rf8 Kg5 45. Ke4 Rd2 46. Rg8+ Kh5 47. Rb8 Rb2 48. c4 Kh4 49. Rh8 h5 50. Kf5 Rf2+ 51. Kg6 Rxh2 52. Rxh5+ Kg3 53. Rd5 Rc2 54. Rd6 Rxc4 55. Rxb6 Kh3 56. Kf5 g3 57. Ke5 g2 58. Kd5 Rc1 59. Rh6+ Kg3 60. Rg6+ Kf3 0-1

[Event "Olympiad Women 2024"]
[Site "Budapest HUN"]
[Date "2024.09.13"]
[Round "3.51"]
[Board "3"]
[White "Teshome, Wubrist Bekele"]
[Black "Nassr, Rania"]
[Result "0-1"]
[WhiteElo "1614"]
[BlackElo "1866"]
[PlyCount "90"]
[EventDate "2024.09.11"]
[WhiteTeam "Ethiopia"]
[BlackTeam "Algeria"]
[WhiteTeamCountry "ETH"]
[BlackTeamCountry "ALG"]

1. e4 c5 2. Nf3 e6 3. d4 cxd4 4. Nxd4 a6 5. Nc3 b5 6. Qf3 Bb7 7. Bd3 ({RR} 7. Qg3 b4 8. Na4 Bxe4 9. Be3 d5 10. Be2 Nf6 11. O-O Nbd7 12. Rfd1 e5 13. Nf3 Bd6 14. Qxg7 Rg8 15. Qh6 Qc7 16. Rac1 Ng4 17. Qh4 Nxe3 18. fxe3 Qa7 19. Qf2 Nf6 20. h3 Ke7 21. c4 Rg7 {1-0 Jones,G (2618)-Gorovets,A (2463) chess.com SpeedChess Q1Sw 2023 (14)}) 7... Qc7 ({RR} 7... Nc6 8. Nxc6 Bxc6 9. O-O Qb8 10. Bf4 Bd6 11. Bxd6 Qxd6 12. Rad1 Qe5 13. Rfe1 Nf6 14. Qg3 Qxg3 15. hxg3 e5 16. a3 d6 17. f3 h5 18. Be2 Ke7 19. Rd2 Rhd8 20. Red1 Rab8 21. Kf2 g5 22. Ke3 {0-1 Yeritsyan,H (2203)-Santos Latasa,J (2612) Titled Tue 6th Feb Late 2024 (2)}) 8. Be3 g6 $146 ({RR} 8... Nc6 9. O-O Bd6 10. Qg4 Bxh2+ 11. Kh1 Be5 12. Nxc6 Qxc6 13. f4 Bxc3 14. bxc3 Qxc3 15. e5 g6 16. Rad1 Ne7 17. Qg5 Qc6 18. Rf2 Rc8 19. Qf6 O-O 20. Qxe7 Qc7 21. Qg5 Qd8 22. Qg4 f6 23. f5 {1-0 Vera,J-Peretti,L San Francisco cat 3rd 2001 (6)}) ({RR} 8... d6 9. O-O-O Nf6 10. Qg3 Nbd7 11. Bg5 Nc5 12. Rhe1 b4 13. Bxf6 bxc3 14. Bxg7 cxb2+ 15. Kxb2 Rg8 16. Nf5 Bxg7+ 17. Nxg7+ Kf8 18. Ne8 Qb6+ 19. Kc1 Rxg3 {0-1 Torres,P-Celestino,R (1800) Lima Ingenieros CC op 2nd 2012 (6)}) 9. O-O Bg7 10. a3 Ne7 11. Rad1 Nbc6 12. Nxc6 Qxc6 13. Bd2 O-O 14. Rfe1 Qc7 15. Qh3 d5 16. exd5 Nxd5 17. Nxd5 Bxd5 18. c3 Rad8 19. Bh6 Bb3 20. Bxg7 Kxg7 21. Rc1 Rd5 22. Re4 Qd6 23. Be2 Rd8 24. Qf3 Rd2 25. Rf4 Qc7 26. Rb1 Rxe2 27. Rxf7+ Qxf7 28. Qxe2 Qf4 29. g3 Qf5 30. Re1 Bc4 31. Qe3 Rd7 32. Qb6 Rf7 33. Qd4+ Qf6 34. Qxf6+ Kxf6 35. f4 Rd7 36. Rb1 Ba2 37. Ra1 Bb3 38. Re1 Rd2 39. Re5 Rxb2 40. Rc5 Ra2 41. g4 Bd5 42. Rc7 Rg2+ 43. Kf1 Rxg4 44. Rxh7 Rxf4+ 45. Ke2 Ra4 0-1

[Event "Olympiad Women 2024"]
[Site "Budapest HUN"]
[Date "2024.09.13"]
[Round "3.51"]
[Board "4"]
[White "Djerroud, Chahrazed"]
[Black "Teweldemedhn, Mekdes Teklay"]
[Result "1-0"]
[WhiteElo "1910"]
[BlackElo "1648"]
[PlyCount "67"]
[EventDate "2024.09.11"]
[WhiteTeam "Algeria"]
[BlackTeam "Ethiopia"]
[WhiteTeamCountry "ALG"]
[BlackTeamCountry "ETH"]

1. e4 c5 2. Nf3 Nc6 3. d4 cxd4 4. Nxd4 g6 5. c4 Bg7 6. Be3 Qb6 7. Nxc6 ({RR} 7. Nb5 Qa5+ 8. N1c3 Nf6 9. f3 O-O 10. Be2 a6 11. Nd4 Nh5 12. Qd2 Nxd4 13. Bxd4 Bxd4 14. Qxd4 d6 15. Kf2 Be6 16. g3 Rac8 17. Rhc1 Qb4 18. a3 Qc5 19. Qxc5 Rxc5 20. b4 Rc7 21. Na4 Nf6 {½-½ Rodo,R (2648)-Cato the Younger (2417) PAL/CSS Freestyle op 5th rapid 2007 (4)}) 7... Qxc6 8. Qc2 e6 $146 ({RR} 8... d6 9. f3 Nf6 10. Nc3 Bd7 11. Be2 O-O 12. O-O Rfd8 13. Rfd1 b6 14. Rac1 Rac8 15. Bg5 Qc5+ 16. Kh1 Qxg5 17. b3 Nh5 18. g3 Bh3 19. f4 Nxf4 20. Bf1 Bxf1 21. gxf4 Qxf4 22. Rxf1 Qe3 23. Nd5 {½-½ Verstraate,B (1677)-Pruijssers,K (1518) Hengelo U20 op 2005 (9)}) ({RR} 8... b5 9. Nd2 Bb7 10. Be2 bxc4 11. Bxc4 Nf6 12. Qb3 O-O 13. Rc1 Kh8 14. f3 d5 15. exd5 Nxd5 16. O-O Nxe3 17. Qxe3 Qd6 18. Kh1 Bxb2 19. Rb1 Bd4 20. Qe2 Bc6 21. Rfd1 e5 22. Ne4 Qe7 23. Ng3 {0-1 Andrade,I (2140)-Khumalo,K (2136) Titled Tue 13th Aug Early 2024 (1)}) ({RR} 8... Nf6 9. f3 d5 10. e5 Nd7 11. f4 Nb6 12. c5 Bf5 13. Qf2 d4 14. cxb6 dxe3 15. Qxe3 O-O 16. Na3 f6 17. Rc1 Qxb6 18. Qxb6 axb6 19. Bc4+ Kh8 20. Bd5 fxe5 21. fxe5 Ra5 22. Rd1 e6 23. Bf3 {0-1 Toman,J (2220)-Kislinsky,A (2483) CZE-ch Ostrava 2014 (1)}) 9. Nc3 Ne7 10. Rd1 b6 11. Be2 Bb7 12. Bf3 Qxc4 13. Qd3 Bxc3+ 14. bxc3 Qxd3 15. Rxd3 d5 16. exd5 Bxd5 17. Bd4 Rg8 18. Bxd5 Nxd5 19. g3 Ke7 20. Ke2 f6 21. f4 Rac8 22. h4 Kd6 23. Bxf6 Rc4 24. Kd2 Kc6 25. Be5 Ra4 26. Ra1 h6 27. Kc2 g5 28. fxg5 hxg5 29. h5 Rf8 30. h6 Re4 31. Bg7 Rf2+ 32. Rd2 Ree2 33. Rad1 Ne3+ 34. Kd3 1-0